00669nam a2200229Ia 4500003000900000008004100009040001300050040001300063041000800076100001900084245004200103250001200145260001500157260000900172300001100181300001000192490000800202490000800210942000700218999001700225952019700242IT-RoPAU120407s9999 xx 000 0 und d aIT-RoPAU cIT-RoPAU aita aCarmelo Failla aLa parabola del marxismo occidentale. aBrescia aQueriniana c1973 a134 p. c20 cm agdt v169 cBK c25328d25328 00102ddc406208_17690000000000071aPAULUSbPAULUSd2012-04-11l0o208.1769r2012-04-11 00:00:00w2012-04-11yBKzInserito da: Jole In data: 22 luglio 2011 fondo: Via A.Severo 56 Progr:20575